| 000 | 01904 a2200289 4500 | ||
|---|---|---|---|
| 020 | _a0673467260 | ||
| 020 | _a9780673467263 | ||
| 082 | 0 | 4 | _a515 |
| 090 |
_c346 _d346 |
||
| 100 | 1 | _aLial, Margaret L. | |
| 245 | 1 | 0 |
_aCalculus with applications / _cMargaret L. Lial. |
| 250 | _a5 Sub ed. | ||
| 260 |
_a[S.l.] : _bHarpercollins College Div, _c1993. |
||
| 300 |
_a514 p. ; _c23 cm. |
||
| 500 | _aHardcover. | ||
| 520 | _a* For the two semester course, business and social science students. * New four-color format for improved readability and understanding. * EXCEL spreadsheets now appear in examples and exercises, perfect for business students. * New co-author had added tons of new applications, with real data from current sources (very important in this course). * Applied exercises are grouped by subject and highlighted for easy identification. * New chapter on sequences and series, helps us compete better with Goldstein and Barnett. * MathXL for LGR, Calculus with Applications is available ONLY for uploading TestGen-EQ tests. Individualized study plans are still provided, along with complete test-results tracking for instructors, but THERE ARE NO TUTORIALS. * Full prepub available. * Full prepub Excel Spreadsheet Manual available June 8. **MathXL: The date listed below refers to the generic MathXL coupon. For availability dates for individual MathXL bundles, please refer to the date on the bundle grid.** | ||
| 650 | 4 | _aScience/Mathematics. | |
| 650 | 4 | _aCalculus & mathematical analysis. | |
| 650 | 4 | _aMathematics. | |
| 650 | 4 | _aCalculus. | |
| 650 | 4 | _aMathematics / Calculus. | |
| 700 | 1 | _aMiller, Charles D. | |
| 700 | 1 | _aGreenwell, Raymond N. | |
| 856 | 4 | 0 |
_3Amazon.com _uhttp://www.amazon.com/exec/obidos/ASIN/0673467260/chopaconline-20 |
| 856 | 4 | 0 |
_3Amazon customer reviews _uhttp://www.chopac.org/cgi-bin/tools/azrev.pl?q=0673467260 |
| 942 |
_aNBS _cBK _k515 LIA |
||
| 999 |
_c342913 _d342913 |
||